Catálogo
 En Linea

Understanding Koreans and their culture / (Registro nro. 33993)

Detalles MARC
000 -CABECERA
campo de control de longitud fija 00523nam a2200181 a 4500
001 - NÚMERO DE CONTROL
campo de control 000034502
005 - FECHA Y HORA DE LA ÚLTIMA TRANSACCIÓN
campo de control 20200930073733.0
008 - DATOS DE LONGITUD FIJA--INFORMACIÓN GENERAL
campo de control de longitud fija 111005s2007 ko ac 000 0 spa d
020 ## - NÚMERO INTERNACIONAL ESTÁNDAR DEL LIBRO
Número Internacional Estándar del Libro 8992162022
040 ## - FUENTE DE LA CATALOGACIÓN
Centro catalogador/agencia de origen DO-SdBNP
Lengua de catalogación spa
Centro/agencia transcriptor BNPHU
049 ## - FONDOS LOCALES (OCLC)
Fondos de biblioteca BNPD
100 1# - ENTRADA PRINCIPAL--NOMBRE DE PERSONA
Nombre de persona Chʻoe, Chun-sik.
9 (RLIN) 59946
245 10 - MENCIÓN DE TÍTULO
Título Understanding Koreans and their culture /
Mención de responsabilidad, etc. Choi Joon-sik.
260 ## - PUBLICACIÓN, DISTRIBUCIÓN, ETC.
Lugar de publicación, distribución, etc. Seoul :
Nombre del editor, distribuidor, etc. The Korea Foundation,
Fecha de publicación, distribución, etc. 2007.
300 ## - DESCRIPCIÓN FÍSICA
Extensión 232 p. :
Otras características físicas il.,retrs. ;
Dimensiones 21 cm.
490 1# - MENCIÓN DE SERIE
Mención de serie Korea story
830 #0 - PUNTO DE ACCESO ADICIONAL DE SERIE-TÍTULO UNIFORME
Título uniforme Korea story
9 (RLIN) 59947
Existencias
Estado de retiro Estado de pérdida Restricciones de uso No para préstamo Código de colección Localización permanente Ubicación/localización actual Ubicación en estantería Fecha de adquisición Número de inventario Total de préstamos Signatura topográfica completa Código de barras Fecha visto por última vez Precio válido a partir de Tipo de ítem Koha
      Excluido de préstamo Monografías: Libros y Folletos General General En catalogación 05.10.2011 LF1   34502-10 25.06.2020 25.06.2020 No se presta

Con tecnología Koha